000 00960nam a22002777a 4500
001 BR8706592
003 BR-BrBNA
005 20230928092736.0
007 ta
008 230509b bl.||||| |||| 00| 0 por d
040 _aBR-BrBNA
_bpor
_cBiblioteca Nacional de Agricultura
041 _a(Por)
072 _aE14
_b/G514
090 _ E14 BR8706592
110 1 _aSuperintendencia do Desenvolvimento do Nordeste, Teresina, PI (Brasil);
_910198
110 1 _aPrograma de Desenvolvimento de Areas Integradas do Nordeste, Teresina, PI (Brasil)
245 1 _aPDRI. Vale do Parnaiba. Relatorio trimestral de acompanhamento. Estado: Piaui - Trimestre: abril/junho - 81 [Projeto de Desenvolvimento Rural Integrado]
260 3 _aTeresina, PI (Brasil):
_c1981.
300 _a71 p.
650 _aPROJETO AGRICOLA
650 _aDESENVOLVIMENTO RURAL
650 _aRECURSO ECONOMICO
650 _aPIAUI
909 _a202309
_bLucia
_c55
_dLucia Elande
942 _cBK
999 _c40930
_d40930